000 00548nam a22001817a 4500
001 00028345
005 20260226171043.0
008 260226b ag ||||| |||| 00| 0 spa d
040 _aAR-CcCEOS
_bspa
_cAR-CcCEOS
041 _aspa
090 _bHUM v.36
100 _aHumboldt
_9653
245 _aGeografía, ciencia humana /
_cHumboldt, Ritter, Vidal de La Blache y otros
264 _aBuenos Aires :
_bCentro Editor de America Latina,
_cc1977.
300 _a155 p. ;
_c19x13 cm.
490 _vColección Biblioteca Total
942 _2udc
_cBK
_n0
999 _c28367
_d28367